[Event "HUN-chT2 Barcza 1819"]
[Site "Hungary"]
[Date "2018.11.18"]
[Round "6.9"]
[White "Szuhai, Beata Barbara"]
[Black "Hajdu, Sandor"]
[Result "0-1"]
[WhiteElo "1883"]
[BlackElo "1831"]
[PlyCount "58"]
[EventDate "2018.09.23"]
[EventType "team-tourn"]
[EventRounds "11"]
[EventCountry "HUN"]
[SourceTitle "CBM 189 Extra"]
[Source "ChessBase"]
[SourceDate "2019.06.03"]
[SourceVersion "1"]
[SourceVersionDate "2019.06.03"]
[SourceQuality "1"]
[WhiteTeam "Edeleny"]
[BlackTeam "Mezokovesd"]
[WhiteTeamCountry "HUN"]
[BlackTeamCountry "HUN"]

1. e4 e5 2. Nc3 Nf6 3. Bc4 Be7 4. d3 d6 5. Nge2 Nc6 6. 0-0 0-0 7. f4 Bg4 8. Qe1 Nd4 9. Nxd4 exd4 10. Ne2 d5 11. exd5 Re8 12. Ng3 Nxd5 13. Qf2 Bf6 14. Ne4 Ne3 15. Re1 Bh4 16. g3 Nxc4 17. gxh4 Nd6 18. Qxd4 f5 19. b3 fxe4 20. Bb2 Qd7 21. dxe4 Bf3 22. f5 Bxe4 23. Re3 Qf7 24. Rf1 Nxf5 25. Rxf5 Bxf5 26. Rg3 Re1+ 27. Kf2 Re7 28. Kg1 Rf8 29. h5 Bh3 0-1

[Event "HUN-chT2 Barcza 1819"]
[Site "Hungary"]
[Date "2018.10.07"]
[Round "2.10"]
[White "Hajdu, Sandor"]
[Black "Szurovszky, Elek"]
[Result "0-1"]
[WhiteElo "1831"]
[BlackElo "2014"]
[PlyCount "34"]
[EventDate "2018.09.23"]
[EventType "team-tourn"]
[EventRounds "11"]
[EventCountry "HUN"]
[SourceTitle "CBM 189 Extra"]
[Source "ChessBase"]
[SourceDate "2019.06.03"]
[SourceVersion "1"]
[SourceVersionDate "2019.06.03"]
[SourceQuality "1"]
[WhiteTeam "Mezokovesd"]
[BlackTeam "Miskolc Kisbocsok"]
[WhiteTeamCountry "HUN"]
[BlackTeamCountry "HUN"]

1. e4 e5 2. f4 exf4 3. Bc4 g5 4. d4 Bg7 5. c3 Qe7 6. Qe2 d6 7. h4 h6 8. hxg5 hxg5 9. Rxh8 Bxh8 10. Qh5 Bg7 11. Kf1 Nd7 12. Nf3 Ndf6 13. Qxg5 Bh6 14. Qh4 Qxe4 15. Na3 Bg4 16. Ng5 Bxg5 17. Qxg5 f3 0-1

[Event "HUN-chT2 Barcza 1819"]
[Site "Hungary"]
[Date "2018.09.23"]
[Round "1.10"]
[White "Hajdu, Sandor"]
[Black "Szabo, Istvan1111"]
[Result "1/2-1/2"]
[WhiteElo "1831"]
[BlackElo "1847"]
[PlyCount "68"]
[EventDate "2018.09.23"]
[EventType "team-tourn"]
[EventRounds "11"]
[EventCountry "HUN"]
[SourceTitle "CBM 189 Extra"]
[Source "ChessBase"]
[SourceDate "2019.06.03"]
[SourceVersion "1"]
[SourceVersionDate "2019.06.03"]
[SourceQuality "1"]
[WhiteTeam "Hajduszoboszlo"]
[BlackTeam "Mezokovesd"]
[WhiteTeamCountry "HUN"]
[BlackTeamCountry "HUN"]

1. c4 Nf6 2. Nc3 e6 3. g3 d5 4. cxd5 exd5 5. d4 c6 6. Bf4 Bd6 7. Bxd6 Qxd6 8. Nf3 Bg4 9. Ne5 Bh5 10. Bg2 Ng4 11. Bf3 Nxe5 12. Bxh5 Nc4 13. b3 Qb4 14. Qc2 Nd6 15. Qd2 Nd7 16. e3 0-0 17. 0-0 g6 18. Be2 f5 19. Rac1 Nf6 20. Rc2 a5 21. Rfc1 Nde4 22. Nxe4 Nxe4 23. Qxb4 axb4 24. Bd3 Ra3 25. Bxe4 fxe4 26. Ra1 Rfa8 27. Rb2 Kf7 28. Kg2 Ke6 29. f4 exf3+ 30. Kxf3 Rf8+ 31. Kg2 b5 32. Rc1 Kd6 33. Rbc2 Rc8 34. Kf1 Ke6 1/2-1/2

[Event "HUN-chT2 Toth 1718"]
[Site "Hungary"]
[Date "2017.10.08"]
[Round "2.4"]
[White "Hajdu, Sandor"]
[Black "Salanki, Endre"]
[Result "0-1"]
[WhiteElo "1995"]
[BlackElo "2155"]
[PlyCount "46"]
[EventDate "2017.09.24"]
[EventType "team-tourn"]
[EventRounds "11"]
[EventCountry "HUN"]
[SourceTitle "EXT 2021"]
[Source "ChessBase"]
[SourceDate "2020.10.23"]
[SourceVersion "1"]
[SourceVersionDate "2020.10.23"]
[SourceQuality "1"]
[WhiteTeam "Szentes Integral"]
[BlackTeam "Kecskemet Takisz"]
[WhiteTeamCountry "HUN"]
[BlackTeamCountry "HUN"]

1. e4 c5 2. c3 d5 3. exd5 Qxd5 4. d4 Nf6 5. Nf3 Nc6 6. Be2 e6 7. Be3 cxd4 8. cxd4 Bb4+ 9. Nc3 0-0 10. 0-0 Qa5 11. Qb3 a6 12. Rac1 h6 13. Na4 Nd5 14. a3 Bd6 15. Nc5 Qd8 16. Rfd1 b6 17. Ne4 Bb7 18. Nfd2 Bc7 19. Qa4 f5 20. Rxc6 Qe8 21. Rxc7 Qxa4 22. Rxb7 fxe4 23. Nxe4 Qc6 0-1

[Event "HUN-chT2 Szechenyi 1617"]
[Site "Hungary"]
[Date "2016.10.30"]
[Round "3.8"]
[White "Hajdu, Sandor"]
[Black "Lovasz, Tibor"]
[Result "0-1"]
[WhiteElo "1893"]
[BlackElo "1714"]
[PlyCount "52"]
[EventDate "2016.09.25"]
[EventType "team-tourn"]
[EventRounds "11"]
[EventCountry "HUN"]
[SourceTitle "EXT 2021"]
[Source "ChessBase"]
[SourceDate "2020.10.23"]
[SourceVersion "1"]
[SourceVersionDate "2020.10.23"]
[SourceQuality "1"]
[WhiteTeam "Keszthely Spartacus"]
[BlackTeam "Veszprem Ezust Huszar"]
[WhiteTeamCountry "HUN"]
[BlackTeamCountry "HUN"]

1. Nf3 d5 2. c4 e6 3. d4 Nf6 4. Nc3 c6 5. a3 Nbd7 6. c5 Be7 7. e3 0-0 8. Bd3 Qc7 9. b4 e5 10. dxe5 Nxe5 11. Nxe5 Qxe5 12. Bb2 Qg5 13. Qf3 Bg4 14. Qg3 Nh5 15. Qc7 Rfc8 16. Qa5 Re8 17. Kf1 Bf5 18. Bxf5 Qxf5 19. Qa4 Bf6 20. Qd1 Rxe3 21. g4 Qf3 22. Qxf3 Rxf3 23. Ke2 Rh3 24. f3 Nf4+ 25. Ke3 Re8+ 26. Kd2 Rxf3 0-1

[Event "HUN-chT2 Barcza 1516"]
[Site "Hungary"]
[Date "2016.04.03"]
[Round "10.11"]
[White "Hajdu, Sandor"]
[Black "Szuhanszki, Gergely"]
[Result "1-0"]
[WhiteElo "1804"]
[BlackElo "1617"]
[PlyCount "45"]
[EventDate "2015.09.13"]
[EventType "team-tourn"]
[EventRounds "11"]
[EventCountry "HUN"]
[SourceTitle "EXT 2017"]
[Source "ChessBase"]
[SourceDate "2016.10.25"]
[SourceVersion "1"]
[SourceVersionDate "2016.10.25"]
[SourceQuality "1"]
[WhiteTeam "Mezokovesd"]
[BlackTeam "Nyiregyhaza"]
[WhiteTeamCountry "HUN"]
[BlackTeamCountry "HUN"]

1. e4 d6 2. f4 Nf6 3. e5 dxe5 4. fxe5 Ng4 5. Nf3 Nc6 6. d4 g6 7. Bc4 Na5 8. Bd3 Bg7 9. Bf4 Nh6 10. Qd2 Nf5 11. Qxa5 Nxd4 12. Qa4+ Nc6 13. Nc3 Bd7 14. Qe4 0-0 15. 0-0-0 a6 16. Bc4 e6 17. Bg5 Qc8 18. Bf6 b5 19. Bd3 Na5 20. h4 c5 21. h5 c4 22. hxg6 fxg6 23. Rxh7 1-0

[Event "HUN-chT2 Toth 1516"]
[Site "Hungary"]
[Date "2015.09.26"]
[Round "2.4"]
[White "Kerekes, Attila"]
[Black "Hajdu, Sandor"]
[Result "1-0"]
[WhiteElo "2126"]
[BlackElo "1996"]
[PlyCount "81"]
[EventDate "2015.09.13"]
[EventType "team-tourn"]
[EventRounds "11"]
[EventCountry "HUN"]
[SourceTitle "CBM 170 Extra"]
[Source "ChessBase"]
[SourceDate "2016.02.25"]
[SourceVersion "1"]
[SourceVersionDate "2016.02.25"]
[SourceQuality "1"]
[WhiteTeam "Bekes"]
[BlackTeam "Szentes Integral"]
[WhiteTeamCountry "HUN"]
[BlackTeamCountry "HUN"]

1. e4 c5 2. Nf3 Nc6 3. d4 cxd4 4. Nxd4 e5 5. Nb5 a6 6. Nd6+ Bxd6 7. Qxd6 Qe7 8. Qd1 Nf6 9. Nc3 Nd4 10. a3 b5 11. Bg5 Bb7 12. Nd5 Qc5 13. Nxf6+ gxf6 14. c3 fxg5 15. cxd4 exd4 16. Bd3 Qe5 17. 0-0 h5 18. a4 Rc8 19. axb5 axb5 20. Qd2 g4 21. f4 Qd6 22. Rae1 b4 23. e5 Qb6 24. f5 Bd5 25. Be4 Bb3 26. Rc1 Rb8 27. Qd3 Ba4 28. Bd5 h4 29. e6 f6 30. exd7+ Kxd7 31. Rfe1 Rhe8 32. Be6+ Kd6 33. Rc4 Bb5 34. Qxd4+ Qxd4+ 35. Rxd4+ Kc5 36. Rxg4 Bd3 37. Rc1+ Kb6 38. Rxb4+ Ka5 39. Rd4 Red8 40. Rxd8 Rxd8 41. Rd1 1-0

[Event "HUN-chT2 Barcza 1415"]
[Site "Hungary"]
[Date "2015.04.26"]
[Round "11.9"]
[White "Daroczy, Sandor"]
[Black "Hajdu, Sandor"]
[Result "1/2-1/2"]
[WhiteElo "1907"]
[BlackElo "1877"]
[PlyCount "23"]
[EventDate "2014.09.07"]
[EventType "team-tourn"]
[EventRounds "11"]
[EventCountry "HUN"]
[SourceTitle "EXT 2016"]
[Source "ChessBase"]
[SourceDate "2015.10.08"]
[SourceVersion "1"]
[SourceVersionDate "2015.10.08"]
[SourceQuality "1"]
[WhiteTeam "Hajduszoboszlo"]
[BlackTeam "Mezokovesd"]
[WhiteTeamCountry "HUN"]
[BlackTeamCountry "HUN"]

1. e4 d5 2. exd5 Qxd5 3. Nc3 Qa5 4. d4 Bf5 5. Qf3 c6 6. b4 Qxb4 7. Rb1 Qxd4 8. Qxf5 Qxc3+ 9. Bd2 Qd4 10. Qc8+ Qd8 11. Qxb7 Nd7 12. Qxc6 1/2-1/2

[Event "HUN-chT2 Barcza 1415"]
[Site "Hungary"]
[Date "2015.03.01"]
[Round "9.10"]
[White "Hajdu, Sandor"]
[Black "Toth, Tibor"]
[Result "1-0"]
[WhiteElo "1877"]
[BlackElo "1781"]
[PlyCount "59"]
[EventDate "2014.09.07"]
[EventType "team-tourn"]
[EventRounds "11"]
[EventCountry "HUN"]
[SourceTitle "EXT 2016"]
[Source "ChessBase"]
[SourceDate "2015.10.08"]
[SourceVersion "1"]
[SourceVersionDate "2015.10.08"]
[SourceQuality "1"]
[WhiteTeam "Mezokovesd"]
[BlackTeam "Piremon"]
[WhiteTeamCountry "HUN"]
[BlackTeamCountry "HUN"]

1. a3 d5 2. c4 dxc4 3. e4 c5 4. Bxc4 e6 5. Nf3 Nc6 6. 0-0 Bd6 7. Qe2 Nd4 8. Nxd4 cxd4 9. f4 Ne7 10. Qg4 0-0 11. d3 Bd7 12. b4 b5 13. Bb3 a5 14. bxa5 Rxa5 15. Bb2 Kh8 16. e5 Bc5 17. Nd2 Bc6 18. Nf3 Nf5 19. Ng5 Bd5 20. Qh5 Nh6 21. Bxd5 Qxd5 22. f5 exf5 23. Rxf5 f6 24. Raf1 Qg8 25. exf6 g6 26. Qxh6 gxf5 27. Rxf5 Rc8 28. f7 Qg7 29. Rxc5 Qxh6 30. Bxd4+ 1-0

[Event "HUN-chT2 Toth 1415"]
[Site "Hungary"]
[Date "2015.01.25"]
[Round "7.7"]
[White "Hajdu, Sandor"]
[Black "Zsiros, Laszlo"]
[Result "0-1"]
[WhiteElo "1979"]
[BlackElo "1816"]
[PlyCount "166"]
[EventDate "2014.09.07"]
[EventType "team-tourn"]
[EventRounds "11"]
[EventCountry "HUN"]
[SourceTitle "EXT 2016"]
[Source "ChessBase"]
[SourceDate "2015.10.08"]
[SourceVersion "1"]
[SourceVersionDate "2015.10.08"]
[SourceQuality "1"]
[WhiteTeam "Szentes"]
[BlackTeam "Takisz"]
[WhiteTeamCountry "HUN"]
[BlackTeamCountry "HUN"]

1. e4 c6 2. d4 d5 3. exd5 cxd5 4. f4 Nc6 5. Nf3 Bg4 6. c3 e6 7. Bd3 f5 8. h3 Bxf3 9. Qxf3 Nf6 10. 0-0 Bd6 11. Re1 Ne4 12. Be3 Qf6 13. Nd2 0-0 14. Rac1 Rac8 15. Nb3 a5 16. Nc5 Rc7 17. Rc2 b6 18. Nb3 Rfc8 19. a4 Nd8 20. g4 Qh4 21. Bf2 Nxf2 22. Rxf2 g6 23. Nc1 Rf7 24. g5 h6 25. gxh6 Rh7 26. Bf1 Rxh6 27. Nd3 Rc7 28. Rg2 Rg7 29. Re3 g5 30. Qg3 Bxf4 31. Nxf4 Qxf4 32. Qxf4 gxf4 33. Rf3 Rh4 34. c4 Rxg2+ 35. Kxg2 dxc4 36. Bxc4 Kf7 37. Kf2 Kf6 38. Ke2 Nf7 39. Rb3 f3+ 40. Ke3 Re4+ 41. Kxf3 Rxd4 42. Bb5 Nd6 43. Bc6 Nc4 44. Kg2 Rd2+ 45. Kg3 Rxb2 46. Rc3 Ne5 47. Bb5 Rb4 48. Rc8 f4+ 49. Kf2 Rb2+ 50. Kg1 Ng6 51. Rc6 f3 52. Bc4 Nf4 53. h4 Nh3+ 54. Kh1 Nf4 55. Kg1 Kf5 56. h5 Kg5 57. Bxe6 Nxe6 58. Rxe6 Kxh5 59. Re4 Kg5 60. Kf1 Kf5 61. Rc4 Rb4 62. Rc6 Ke5 63. Kf2 Rb3 64. Rc8 Ke4 65. Re8+ Kd4 66. Rc8 Rc3 67. Re8 Kc4 68. Re5 Rb3 69. Re4+ Kc5 70. Rf4 Rb4 71. Rf5+ Kc6 72. Kxf3 Rxa4 73. Ke3 Rh4 74. Kd3 Kb7 75. Kc3 Ka6 76. Kb3 Rh3+ 77. Kc4 b5+ 78. Kc5 Rc3+ 79. Kd4 Rc4+ 80. Kd3 a4 81. Rf8 Ka5 82. Rf1 a3 83. Rf2 Kb4 0-1

[Event "HUN-chT2 Erkel 1314"]
[Site "Hungary"]
[Date "2014.03.02"]
[Round "8.8"]
[White "Hajdu, Sandor"]
[Black "Torok, Tamas Titusz"]
[Result "1-0"]
[WhiteElo "1898"]
[BlackElo "2085"]
[PlyCount "71"]
[EventDate "2013.09.08"]
[EventType "team-tourn"]
[EventRounds "11"]
[EventCountry "HUN"]
[SourceTitle "EXT 2016"]
[Source "ChessBase"]
[SourceDate "2015.10.08"]
[SourceVersion "1"]
[SourceVersionDate "2015.10.08"]
[SourceQuality "1"]
[WhiteTeam "Mezokovesd"]
[BlackTeam "Pestszentlorinc"]
[WhiteTeamCountry "HUN"]
[BlackTeamCountry "HUN"]

1. e4 d5 2. exd5 c6 3. dxc6 Nxc6 4. Nf3 e5 5. c3 Bd6 6. d4 exd4 7. cxd4 Nge7 8. Nc3 0-0 9. Be2 a6 10. 0-0 h6 11. Re1 Bf5 12. a3 Qc7 13. g3 Rad8 14. d5 Ne5 15. Be3 Nc4 16. Bxc4 Qxc4 17. Bb6 Rd7 18. Nd2 Qg4 19. Nde4 Nc8 20. Bc5 Qg6 21. Bxd6 Nxd6 22. Nxd6 Rxd6 23. Qd4 Rfd8 24. Re5 R6d7 25. Qa4 Bc2 26. Qb4 b6 27. Rae1 Kh7 28. Re8 Rxe8 29. Rxe8 Rd6 30. Qc4 Qg5 31. f4 Qf5 32. Kg2 Rxd5 33. Qxd5 Qxd5+ 34. Nxd5 Be4+ 35. Kf2 Bxd5 36. Rd8 1-0

[Event "HUN-chT2 Erkel 1314"]
[Site "Hungary"]
[Date "2014.02.16"]
[Round "7.10"]
[White "Malik, Andras"]
[Black "Hajdu, Sandor"]
[Result "1/2-1/2"]
[WhiteElo "2011"]
[BlackElo "1898"]
[PlyCount "69"]
[EventDate "2013.09.08"]
[EventType "team-tourn"]
[EventRounds "11"]
[EventCountry "HUN"]
[SourceTitle "EXT 2016"]
[Source "ChessBase"]
[SourceDate "2015.10.08"]
[SourceVersion "1"]
[SourceVersionDate "2015.10.08"]
[SourceQuality "1"]
[WhiteTeam "Andornaktalya"]
[BlackTeam "Mezokovesd"]
[WhiteTeamCountry "HUN"]
[BlackTeamCountry "HUN"]

1. e4 c5 2. Nf3 d6 3. c3 Nf6 4. Be2 Nc6 5. d3 g6 6. Nbd2 Bg7 7. 0-0 0-0 8. Re1 a6 9. Nf1 b5 10. a3 Bb7 11. Ne3 e6 12. Qc2 Rc8 13. Bd2 Nd4 14. Nxd4 cxd4 15. Nd1 d5 16. f3 Qb6 17. Kh1 dxc3 18. bxc3 d4 19. Qb3 dxc3 20. Bxc3 Rc6 21. Rb1 Rfc8 22. a4 Nxe4 23. dxe4 Bxc3 24. Nxc3 Rxc3 25. Qb4 Qf2 26. axb5 Rc2 27. Bf1 R8c5 28. bxa6 Bxa6 29. Qb8+ Kg7 30. Qg3 Qxg3 31. hxg3 Bxf1 32. Rxf1 f5 33. exf5 gxf5 34. f4 Re2 35. Rbc1 1/2-1/2

[Event "HUN-chT2 Erkel 1314"]
[Site "Hungary"]
[Date "2013.11.03"]
[Round "4.9"]
[White "Hajdu, Sandor"]
[Black "Csati, Oliver"]
[Result "1/2-1/2"]
[WhiteElo "1898"]
[BlackElo "2001"]
[PlyCount "60"]
[EventDate "2013.09.08"]
[EventType "team-tourn"]
[EventRounds "11"]
[EventCountry "HUN"]
[SourceTitle "EXT 2016"]
[Source "ChessBase"]
[SourceDate "2015.10.08"]
[SourceVersion "1"]
[SourceVersionDate "2015.10.08"]
[SourceQuality "1"]
[WhiteTeam "Mezokovesd"]
[BlackTeam "Budapest Honved"]
[WhiteTeamCountry "HUN"]
[BlackTeamCountry "HUN"]

1. d4 Nf6 2. Nf3 e6 3. c4 b6 4. g3 Bb7 5. Bg2 d5 6. cxd5 Nxd5 7. 0-0 Be7 8. Bd2 0-0 9. Nc3 Nd7 10. Nxd5 Bxd5 11. Bc3 c5 12. Qa4 a6 13. Rfd1 b5 14. Qc2 b4 15. Be1 Rc8 16. dxc5 Nxc5 17. Bxb4 Qb6 18. Bc3 Ne4 19. e3 Bb4 20. Ne5 Nxc3 21. bxc3 Bxg2 22. Kxg2 Qb7+ 23. Nf3 Rxc3 24. Qb2 Qe7 25. Rab1 a5 26. Rbc1 Rxc1 27. Qxc1 h6 28. Qc6 Qf6 29. Rd4 Qf5 30. Rf4 Qc5 1/2-1/2

[Event "HUN-chT2 Erkel 1314"]
[Site "Hungary"]
[Date "2013.09.20"]
[Round "2.9"]
[White "Hajdu, Sandor"]
[Black "Molnar, Emil"]
[Result "0-1"]
[WhiteElo "1898"]
[BlackElo "2120"]
[PlyCount "146"]
[EventDate "2013.09.08"]
[EventType "team-tourn"]
[EventRounds "11"]
[EventCountry "HUN"]
[SourceTitle "EXT 2016"]
[Source "ChessBase"]
[SourceDate "2015.10.08"]
[SourceVersion "1"]
[SourceVersionDate "2015.10.08"]
[SourceQuality "1"]
[WhiteTeam "Mezokovesd"]
[BlackTeam "Budapest EAC II"]
[WhiteTeamCountry "HUN"]
[BlackTeamCountry "HUN"]

1. e4 c5 2. Nf3 Nc6 3. d4 cxd4 4. Nxd4 Nf6 5. Nc3 e5 6. Ndb5 d6 7. Bg5 a6 8. Na3 b5 9. Nd5 Be7 10. Bxf6 Bxf6 11. c3 Bg5 12. Nc2 Rb8 13. Bd3 Be6 14. Nce3 Bxe3 15. Nxe3 d5 16. exd5 Bxd5 17. Nxd5 Qxd5 18. 0-0 Rd8 19. Be2 Qxd1 20. Rfxd1 Ke7 21. a4 Rxd1+ 22. Rxd1 bxa4 23. Bxa6 Rb8 24. Rd2 a3 25. bxa3 Ra8 26. Bf1 Rxa3 27. c4 Nd4 28. f4 f6 29. fxe5 fxe5 30. Kf2 Rc3 31. Ra2 e4 32. Ra7+ Kd6 33. Ke1 e3 34. Kd1 Rb3 35. Kc1 e2 36. Bxe2 Nxe2+ 37. Kd1 Rb2 38. Rxg7 h5 39. Rh7 Kc5 40. Rxh5+ Kxc4 41. Rh4+ Kd3 42. Rh3+ Ke4 43. Ke1 Nf4 44. Ra3 Nxg2+ 45. Kf1 Ne3+ 46. Kg1 Rg2+ 47. Kh1 Rf2 48. h4 Kf3 49. h5 Rb2 50. h6 Rb6 51. h7 Rh6+ 52. Kg1 Rxh7 53. Rb3 Rc7 54. Ra3 Rc1+ 55. Kh2 Re1 56. Rb3 Ra1 57. Rd3 Ra2+ 58. Kh3 Ra4 59. Kh2 Rh4+ 60. Kg1 Rh3 61. Ra3 Rg3+ 62. Kh2 Rg6 63. Kh1 Kf2 64. Ra2+ Kg3 65. Ra3 Re6 66. Rb3 Re8 67. Ra3 Kf3 68. Kg1 Rb8 69. Rd3 Rb2 70. Ra3 Re2 71. Ra7 Re1+ 72. Kh2 Ng4+ 73. Kh3 Rh1# 0-1

[Event "HUN-chT2 Erkel 1213"]
[Site "Hungary"]
[Date "2013.04.07"]
[Round "10.5"]
[White "Hajdu, Sandor"]
[Black "Kovacs, Istvan"]
[Result "1-0"]
[WhiteElo "1907"]
[BlackElo "2201"]
[PlyCount "157"]
[EventDate "2012.09.16"]
[EventType "team-tourn"]
[EventRounds "11"]
[EventCountry "HUN"]
[SourceTitle "EXT 2014"]
[Source "ChessBase"]
[SourceDate "2013.11.20"]
[SourceVersion "1"]
[SourceVersionDate "2013.11.20"]
[SourceQuality "1"]
[WhiteTeam "Andornaktalya"]
[BlackTeam "Dunaharaszti"]
[WhiteTeamCountry "HUN"]
[BlackTeamCountry "HUN"]

1. Nf3 Nf6 2. d4 e6 3. c4 b6 4. Nc3 Bb7 5. Bg5 Bb4 6. Qb3 c5 7. a3 Ba5 8. dxc5 Bxf3 9. exf3 bxc5 10. Bd3 Nc6 11. Qa4 Rb8 12. 0-0 Bxc3 13. bxc3 Qa5 14. Qc2 h6 15. Bf4 e5 16. Bxe5 Nxe5 17. Rfe1 d6 18. f4 Nfd7 19. fxe5 dxe5 20. Bf5 Nf6 21. Rxe5+ Kf8 22. Qd2 g5 23. Qd6+ Kg7 24. Qxc5 Qxc3 25. Rae1 Rhe8 26. h3 Qxe1+ 27. Rxe1 Rxe1+ 28. Kh2 Rb7 29. a4 Rbe7 30. Qd4 Rc1 31. f4 Rf1 32. fxg5 hxg5 33. Bd3 Rfe1 34. c5 Rd7 35. Qc3 Re3 36. Qa5 Rdxd3 37. c6 Ne4 38. c7 Rc3 39. Qe5+ Kg6 40. Qd4 Ng3 41. Qd6+ Re6 42. Qxg3 Rxg3 43. c8Q Rge3 44. Qg8+ Kf6 45. Qd8+ Re7 46. Qd4+ Kg6 47. Qh8 Re8 48. Qd4 a6 49. Qd6+ R3e6 50. Qd3+ Kg7 51. Qd4+ Re5 52. Qd6 a5 53. Qd4 R8e6 54. Qd8 Rc6 55. Qd4 Rcc5 56. Qd3 Rcd5 57. Qc3 Rc5 58. Qd4 Rcd5 59. Qc3 Kf8 60. Qc8+ Re8 61. Qc6 Rde5 62. Qd6+ Kg8 63. Qf6 R8e6 64. Qd8+ Kg7 65. Qd4 Kg6 66. Qd3+ Re4 67. Qc2 Kh6 68. Qb3 Rb4 69. Qd1 Ree4 70. Qd6+ Kg7 71. Qd8 Re5 72. Qd7 Rb2 73. Qd4 Rbe2 74. Qc3 Kh7 75. Qc7 Kg6 76. Qd6+ Kg7 77. Qd8 R2e4 78. Qd7 Rf4 79. Qc6 1-0

[Event "HUN-chT2 Erkel 1213"]
[Site "Hungary"]
[Date "2012.11.04"]
[Round "3.5"]
[White "Hajdu, Sandor"]
[Black "Fordan, Tibor"]
[Result "0-1"]
[WhiteElo "1907"]
[BlackElo "2223"]
[PlyCount "94"]
[EventDate "2012.09.16"]
[EventType "team-tourn"]
[EventRounds "11"]
[EventCountry "HUN"]
[SourceTitle "EXT 2014"]
[Source "ChessBase"]
[SourceDate "2013.11.20"]
[SourceVersion "1"]
[SourceVersionDate "2013.11.20"]
[SourceQuality "1"]
[WhiteTeam "Andornaktalya"]
[BlackTeam "BEAC II"]
[WhiteTeamCountry "HUN"]
[BlackTeamCountry "HUN"]

1. e4 d6 2. d4 g6 3. Nf3 Bg7 4. Bc4 Nf6 5. Nc3 0-0 6. Bf4 c6 7. Qd2 b5 8. Bd3 b4 9. Ne2 a5 10. Bh6 Ba6 11. Bxg7 Kxg7 12. h4 Bxd3 13. cxd3 h5 14. Rc1 Qb6 15. 0-0 Nbd7 16. e5 dxe5 17. dxe5 Ng4 18. d4 c5 19. dxc5 Nxc5 20. Rc4 Ne6 21. Qc2 Qb5 22. Qe4 Rac8 23. Rfc1 Rxc4 24. Qxc4 Qb6 25. Ned4 Nxd4 26. Qxd4 Qxd4 27. Nxd4 Nxe5 28. Rc5 Nd3 29. Rxa5 Rc8 30. Ra7 Kf6 31. a3 Rc1+ 32. Kh2 Rc4 33. Nf3 Nxf2 34. Ra6+ e6 35. Ra7 Ng4+ 36. Kg3 Nh6 37. a4 Rc2 38. b3 Rc3 39. a5 Rxb3 40. Rb7 Ra3 41. Rxb4 Rxa5 42. Rb7 Ra3 43. Rc7 e5 44. Rc6+ Kf5 45. Rc5 f6 46. Rb5 Ng4 47. Rc5 Ke6 0-1

[Event "HUN-chT2 Barcza 1112 "]
[Site "Hungary"]
[Date "2011.10.30"]
[Round "2"]
[White "Sandor, Lajos"]
[Black "Hajdu, Sandor"]
[Result "1-0"]
[WhiteElo "1847"]
[BlackElo "1954"]
[PlyCount "63"]
[EventDate "2011.09.25"]
[EventType "team-tourn"]
[EventRounds "11"]
[EventCountry "HUN"]
[SourceTitle "EXT 2013"]
[Source "ChessBase"]
[SourceDate "2012.11.22"]
[SourceVersion "1"]
[SourceVersionDate "2012.11.22"]
[SourceQuality "1"]
[WhiteTeam "Tiszavasvar"]
[BlackTeam "Mezokovesd"]
[WhiteTeamCountry "HUN"]
[BlackTeamCountry "HUN"]

1. e4 d5 2. e5 c5 3. c3 Nc6 4. d4 e6 5. Bb5 Bd7 6. Ba4 cxd4 7. cxd4 Bb4+ 8. Nc3 Nge7 9. Nge2 Nf5 10. 0-0 a6 11. Bc2 Nce7 12. Bg5 h6 13. Bf4 g5 14. Be3 Rc8 15. Rc1 Ng7 16. Bd3 Nef5 17. Ng3 Qa5 18. Nge2 0-0 19. a3 Be7 20. Ng3 Qb6 21. Bxf5 Rxc3 22. Rxc3 exf5 23. f4 g4 24. Qc2 Bd8 25. Rc1 Qg6 26. Qb3 Bc6 27. R3c2 h5 28. Ne2 h4 29. Nc3 Ne6 30. Nxd5 Nc7 31. Nxc7 Bxc7 32. d5 1-0

[Event "HUN-chT2 Toth 0910"]
[Site "Hungary"]
[Date "2009.11.22"]
[Round "2.6"]
[White "Petro, Jozsef"]
[Black "Hajdu, Sandor"]
[Result "1-0"]
[WhiteElo "2038"]
[BlackElo "1946"]
[PlyCount "49"]
[EventDate "2009.11.08"]
[EventType "team-tourn"]
[EventRounds "11"]
[EventCountry "HUN"]
[SourceTitle "EXT 2011"]
[Source "ChessBase"]
[SourceDate "2010.11.26"]
[SourceVersion "1"]
[SourceVersionDate "2010.11.26"]
[SourceQuality "1"]
[WhiteTeam "Bekes"]
[BlackTeam "Szentes Spartacus"]
[WhiteTeamCountry "HUN"]
[BlackTeamCountry "HUN"]

1. f4 d5 2. Nf3 Nf6 3. g3 Bf5 4. d3 e6 5. Bg2 Nc6 6. 0-0 Bc5+ 7. Kh1 Qd6 8. c3 Ng4 9. Qe1 h6 10. e4 dxe4 11. dxe4 Bxe4 12. Qxe4 Nf2+ 13. Rxf2 Bxf2 14. Qe2 Qc5 15. b4 Qb6 16. a4 a5 17. b5 Ne7 18. Ne5 Nf5 19. g4 Nh4 20. Be4 Bc5 21. Nd2 Rf8 22. Ndc4 Qa7 23. Nd3 Be7 24. Be3 Qb8 25. Nc5 1-0

[Event "HUN-chT2 Toth 0910"]
[Site "Hungary"]
[Date "2009.11.08"]
[Round "1.9"]
[White "Vass, Laszlo"]
[Black "Hajdu, Sandor"]
[Result "0-1"]
[WhiteElo "1851"]
[BlackElo "1946"]
[PlyCount "100"]
[EventDate "2009.11.08"]
[EventType "team-tourn"]
[EventRounds "11"]
[EventCountry "HUN"]
[SourceTitle "EXT 2011"]
[Source "ChessBase"]
[SourceDate "2010.11.26"]
[SourceVersion "1"]
[SourceVersionDate "2010.11.26"]
[SourceQuality "1"]
[WhiteTeam "Nadudvar"]
[BlackTeam "Szentes Spartacus"]
[WhiteTeamCountry "HUN"]
[BlackTeamCountry "HUN"]

1. e4 Nf6 2. Nc3 d5 3. exd5 Nxd5 4. Nxd5 Qxd5 5. d4 Nc6 6. Be3 Bf5 7. a3 0-0-0 8. c4 Qe4 9. Nf3 h6 10. Be2 e6 11. 0-0 Be7 12. b4 Bf6 13. Nd2 Qc2 14. Nf3 Be4 15. b5 Qxd1 16. Raxd1 Bxf3 17. Bxf3 Nxd4 18. Bxd4 Bxd4 19. Rd2 Rd6 20. Rfd1 Rhd8 21. Kf1 f5 22. g4 g6 23. h3 e5 24. a4 Rf8 25. gxf5 gxf5 26. Bh5 c5 27. Bf3 Rg8 28. Bd5 Rg5 29. Rd3 Rdg6 30. Ke2 Kc7 31. Bf7 Rg7 32. Be6 Kd6 33. Bd5 e4 34. Rb3 Rg2 35. Rf1 Rh2 36. Ke1 b6 37. Ra3 Rgg2 38. a5 bxa5 39. Kd1 Rxf2 40. Rxf2 Rxf2 41. Rxa5 Rf1+ 42. Ke2 Ra1 43. Rxa1 Bxa1 44. Ke3 Ke5 45. Bf7 f4+ 46. Ke2 f3+ 47. Ke3 Bd4+ 48. Kd2 Kf4 49. Bd5 e3+ 50. Ke1 Bc3+ 0-1